000 00236nam a2200085 4500
999 _c528080
_d528080
082 _aL906x5444 C/F/2024-25
245 _a5th state finance commission report , 2024-25
260 _aBanagalore
_bGovernment of Karnataka
_c2024
300 _a70p.